000 00387 a2200169 4500
001 184792
020 _a85-262-2071-3
040 _cMagnum
100 _aLarreula, Enric
240 1 0 _aBruxa Onilda vai a Paris
_lpor
245 1 0 _aBruxa Onilda vai a Paris
300 _a31
362 0 _a2001
440 1 _aScipione
697 _aLITERATURA INFANTO-JUVENIL ESTRANGEIRA
942 _cBK
999 _c184792
_d184792